书目信息 |
| 题名: |
陸游選集
|
|
| 作者: | ||
| 分册: | ||
| 出版信息: | 上海 上海古籍出版社 2019.06.02 |
|
| 页数: | 308页 | |
| 开本: | 20cm | |
| 丛书名: | ||
| 单 册: | ||
| 中图分类: | I21 | |
| 科图分类: | ||
| 主题词: | 文学--作品集--中国 | |
| 电子资源: | ||
| ISBN: | ||
| 000 | 00447nam0 2200181 450 | |
| 001 | 1573778291 | |
| 005 | 20150119203503.15 | |
| 010 | @dCNY1.10 | |
| 100 | @a20150119d2019 km y0chiy0120 ea | |
| 101 | 0 | @achi |
| 102 | @aCN@b310000 | |
| 200 | 1 | @a陸游選集@Alu you xuan ji |
| 210 | @a上海@c上海古籍出版社@d2019.06.02 | |
| 215 | @a308页@d20cm | |
| 606 | 0 | @a文学@x作品集@x中国 |
| 690 | @aI21@v4 | |
| 801 | 0 | @aCN@bTSSF@c20150119 |
| 905 | @aZUCC@dI21@eJY117 | |
| 陸游選集.-上海:上海古籍出版社,2019.06.02 |
| 308页;20cm |
| ISBN :CNY1.10 |
| ● |
| 相关链接 |
|
|
|
|
正题名:陸游選集
索取号:I21/JY117
 
预约/预借
| 序号 | 登录号 | 条形码 | 馆藏地/架位号 | 状态 | 备注 |
| 1 | 7836625 | 278366251 | 学院路分馆/ [索取号:I21/JY117] | 在馆 | |
| 2 | 7836626 | 278366260 | 学院路分馆/ [索取号:I21/JY117] | 在馆 |